00660nam a2200229Ia 4500003000900000008004100009040001300050040001300063041000800076100001500084100000900099245003700108250001100145260002100156260000900177300000800186490002800194490000600222942000700228999001300235952018200248IT-RoPAU120407s9999 xx 000 0 und d aIT-RoPAU cIT-RoPAU aita aM. Raymond cocso aLa famiglia che raggiunse Cristo aModena aEdizioni Paoline c1960 c cm aBiografie contemporanee v1 cBK c217d217 00102ddc406922_71300000000000071aPAULUSbPAULUSd2012-04-11l0o922.713r2012-04-11 00:00:00w2012-04-11yBKzInserito da: In data: n.d. fondo: Via A.Severo 56 Progr:19324